All Countries that Have Won an International Feature Film Oscar - Statistics

General Stats
  • This quiz has been taken 34 times
  • The average score is 68 of 76
Answer Stats
Year Film Country % Correct
1949 Monsieur Vincent France
100%
1953 Forbidden Games France
100%
1959 My Uncle France
100%
1960 Black Orpheus France
100%
1963 Sundays and Cybele France
100%
1967 A Man and a Woman France
100%
1973 The Discreet Charm of the Bourgeoisie France
100%
1974 Day for Night France
100%
1978 Madame Rosa France
100%
1979 Get Out Your Handkerchiefs France
100%
1993 Indochine France
100%
1951 The Walls of Malapaga France and Italy
100%
1952 Rashomon Japan
100%
1955 Gate of Hell Japan
100%
1956 Samurai, The Legend of Musashi Japan
100%
2009 Departures Japan
100%
2022 Drive My Car Japan
100%
2019 Roma Mexico
100%
2024 The Zone of Interest United Kingdom
100%
1986 The Official Story Argentina
97%
2010 The Secret in Their Eyes Argentina
97%
2025 I'm Still Here Brazil
97%
1950 The Bicycle Thief Italy
97%
1957 La Strada Italy
97%
1958 The Nights of Cabiria Italy
97%
1964 Federico Fellini's 8 1/2 Italy
97%
1965 Yesterday, Today and Tomorrow Italy
97%
1971 Investigation of a Citizen Above Suspicion Italy
97%
1972 The Garden of the Finzi Continis Italy
97%
1975 Amarcord Italy
97%
1990 Cinema Paradiso Italy
97%
1992 Mediterraneo Italy
97%
1999 Life Is Beautiful Italy
97%
2014 The Great Beauty Italy
97%
2015 Ida Poland
97%
2020 Parasite South Korea
97%
1983 To Begin Again Spain
97%
1994 Belle Epoque Spain
97%
2000 All About My Mother Spain
97%
2005 The Sea Inside Spain
97%
1961 The Virgin Spring Sweden
97%
1962 Through a Glass Darkly Sweden
97%
1984 Fanny & Alexander Sweden
97%
2003 Nowhere in Africa Germany
93%
2007 The Lives of Others Germany
93%
2023 All Quiet on the Western Front Germany
93%
1995 Burnt by the Sun Russia
93%
2006 Tsotsi South Africa
90%
2001 Crouching Tiger, Hidden Dragon Taiwan
90%
2008 The Counterfeiters Austria
86%
2013 Amour Austria
86%
2018 A Fantastic Woman Chile
86%
2012 A Separation Iran
86%
2017 The Salesman Iran
86%
1969 War and Peace USSR
86%
1976 Dersu Uzala USSR
86%
1981 Moscow Does Not Believe in Tears USSR
86%
2004 The Barbarian Invasions Canada
83%
1988 Babette's Feast Denmark
83%
1989 Pelle the Conqueror Denmark
83%
2011 In a Better World Denmark
83%
2021 Another Round Denmark
83%
1987 The Assault Netherlands
83%
1996 Antonia's Line Netherlands
83%
1998 Character Netherlands
83%
1985 Dangerous Moves Switzerland
83%
1991 Journey of Hope Switzerland
83%
1982 Mephisto Hungary
76%
2016 Son of Saul Hungary
76%
1997 Kolya Czech Republic
72%
1970 Z Algeria
69%
1966 The Shop on Main Street Czechoslovakia
59%
1968 Closely Watched Trains Czechoslovakia
59%
1980 The Tin Drum West Germany
52%
2002 No Man's Land Bosnia and Herzegovina
48%
1977 Black and White in Color Ivory Coast
24%
No matching quizzes found
Score Distribution
Percent of People with Each Score
Percentile by Number Answered
Your Score History
You have not taken this quiz